First 100 Words of the Bible - Statistics

General Stats
  • This quiz has been taken 951 times
  • The average score is 60 of 100
Answer Stats
Words % Correct
the
99%
The
99%
a
98%
God
98%
be
97%
In
96%
in
96%
beginning,
93%
Earth
89%
He
89%
and
87%
was
85%
light" —
84%
light
84%
created
82%
there
81%
"Day"
68%
day.
68%
"Let
68%
darkness,
61%
darkness
61%
water.
58%
water
58%
first
57%
"Night".
57%
it
55%
Then
44%
that
43%
with
43%
of
42%
saw.
41%
named
36%
to
36%
when
33%
from
30%
pleased
30%
separate
30%
universe,
27%
what
26%
came —
23%
over
23%
Spirit
23%
appeared.
20%
formless
20%
separated
20%
Evening
19%
morning
19%
ocean
18%
divide
12%
commanded,
11%
two
11%
covered
10%
everything
8%
total
7%
moving
6%
passed
6%
places" —
6%
dome
5%
keep
5%
desolate.
4%
raging
3%
engulfed
2%
No matching quizzes found
Score Distribution
Percent of People with Each Score
Percentile by Number Answered
Your Score History
You have not taken this quiz